000 02582nam0a2200469 4500
001 RU\NLR\BIBL_A\012450732
005 20220721145920.0
021 _aRU
_bКН-П-20-060259
_9КН-П-20-4508
035 _a(NLR Aleph) 012450732
035 _a(RuMoRGB)010440193
090 _a11974261
_c11974261
100 _a20210211d2020 k y0rusy50 ca
101 0 _arus
102 _aRU
105 _aa|||z|||000zy
181 0 _ai
_baxxe
182 0 _an
200 1 _aОпыт применения библиотек Intel MKL и PETSc для решения задач тепломассопереноса с фазовым переходом
_fА.О. Гусев, О.В. Щерица, О.С. Мажорова
203 _aТекст
_bвизуальный
_cнепосредственный
210 _aМосква
_cИПМ им. М.В. Келдыша РАН
_d2020
215 _a34 с.
_cил., цв. ил., табл.
_d21
225 1 _aПрепринты ИПМ им. М.В. Келдыша
_dKeldysh institute preprints
_fгл. ред.: Б.Н. Четверушкин, акад.
_zeng
225 1 _aПрепринт
_fИн-т прикл. математики им. М. В. Келдыша Рос. акад. наук
_v№62 за 2020 г.
_x2071-2898
300 _aРез. англ.
320 _aБиблиогр.: с. 32-34 (20 назв.)
606 1 _aКристаллизация из растворов
_xМатематическое моделирование
_92105038
_3RU\NLR\AUTH\661576341
606 1 _aРастворы (хим.)
_xФазовые переходы
_xМатематическое моделирование
_92147722
_3RU\NLR\AUTH\661598418
606 1 _aЖидкие смеси многокомпонентные
_xМассоперенос
_92256378
_3RU\NLR\AUTH\6601583298
606 1 _aINTEL MKL 2018, библиотека программ
_92467801
_3RU\NLR\AUTH\6601683052
606 1 _aPETSC, библиотека программ
_92467812
_3RU\NLR\AUTH\6601683058
686 1 _aГ562.138с11
686 1 _aГ562.175с11
686 1 _aЛ113
686 1 _aВ192.1с116
700 1 _aГусев
_bА. О.
_cматематик
_gАндрей Олегович
_9179606
_3RU\NLR\AUTH\770179657
701 1 _7ca
_8rus
_aЩерица
_bО. В.
_f1980-
_gОльга Владимировна
_9177534
_3RU\NLR\AUTH\770177585
701 1 _aМажорова
_bО. С.
_f1947-
_gОльга Семеновна
942 _cBOOK
980 _aNBR
980 _aNB